50 villes les plus peuplées de l'Aveyron (12) - Statistiques

Statistiques générales
  • Ce quiz a été pris 12 fois
  • Le résultat moyen est 11 sur 50
Statistiques - réponses
nombre d'habitant ville % Correct
24 136 Rodez
100%
21 859 Millau
75%
11 502 Villefranche-de-Rouergue
67%
5 025 Decazeville
58%
1 215 Laguiole
50%
12 062 Onet-le-Château
50%
7 924 Saint-Affrique
50%
4 044 Sévérac d'Aveyron
50%
3 168 Baraqueville
42%
4 394 Capdenac-Gare
42%
4 607 Espalion
42%
1 940 Réquista
42%
6 054 Luc-la-Primaube
33%
1 444 Montbazens
33%
3 465 Aubin
25%
3 006 Bozouls
25%
3 179 Druelle Balsac
25%
2 208 La Cavalerie
25%
2 017 Naucelle
25%
2 333 Firmi
17%
2 148 Laissac-Sévérac l'Église
17%
1 922 Rieupeyroux
17%
2 167 Saint Geniez d'Olt et d'Aubrac
17%
3 266 Sébazac-Conourès
17%
1 952 Villeneuve
17%
1 120 Agen-d'Aveyron
8%
1 154 Clairvaux-d'Aveyron
8%
1 555 Conques-en-Rouergue
8%
1 464 Cransac-les-Thermes
8%
1 714 Marcillac
8%
3 531 Olemps
8%
1 630 Pont-de-Salars
8%
2 019 Rignac
8%
1 181 Saint-Christophe-Vallon
8%
1 446 Saint-Côme-d'Olt
8%
1 774 Sainte-Radegonde
8%
1 214 Viviez
8%
1 597 Argences en Aubrac
0%
2 208 Calmont
0%
1 564 Creissels
0%
2 376 Flavin
0%
1 113 La Fouillade
0%
1 529 La Loubière
0%
1 610 Le Bas Ségala
0%
2 301 Le Monastère
0%
1 748 Montrozier
0%
1 584 Saint-Georges-de-Luzençon
0%
2 313 Salles-la-Source
0%
1 209 Vabres-l'Abbaye
0%
1 617 Valady
0%
Aucun quiz correspondant
Distribution des résultats
% des personnes avec chaque résultat
Percentile par nombre de réponses
Votre historique - résultats
Vous n’avez pas pris ce quiz